IFM Opac

High School English Grammar & Composition (Record no. 22164)

MARC details
000 -LEADER
fixed length control field 00358nam a22001337a 4500
020 ## - INTERNATIONAL STANDARD BOOK NUMBER
ISBN 978-12-192197-8
082 ## - DEWEY DECIMAL CLASSIFICATION NUMBER
Classification number 425
100 ## - MAIN ENTRY--AUTHOR NAME
Personal name Wren, P. C.
245 ## - TITLE STATEMENT
Title High School English Grammar & Composition
260 ## - PUBLICATION, DISTRIBUTION, ETC. (IMPRINT)
Place of publication New Delhi:
Name of publisher S. Chand & Company Ltd,
Year of publication 2003
300 ## - PHYSICAL DESCRIPTION
Number of Pages viii, 418p.: ill.; 24cm
700 ## - ADDED ENTRY--PERSONAL NAME
Personal name Martin H. & Rao, N.D.V. Prasada
942 ## - ADDED ENTRY ELEMENTS (KOHA)
Koha item type Books
Holdings
Withdrawn status Lost status Damaged status Not for loan Collection code Permanent Location Current Location Shelving location Date acquired Source of acquisition Full call number Accession Number Price effective from Koha item type
        Non-fiction IFM Main Campus Library IFM Main Campus Library Work Room processing 01/15/2026 Purchased 425 WRE 0000023558 01/15/2026 Books
        Non-fiction IFM Main Campus Library IFM Main Campus Library Work Room processing 01/15/2026 Purchased 425 WRE 0000023557 01/15/2026 Books
        Non-fiction IFM Main Campus Library IFM Main Campus Library Work Room processing 01/15/2026 Purchased 425 WRE 0000030920 01/15/2026 Books